| 000 | 00475nam a22001697a 4500 | ||
|---|---|---|---|
| 003 | NUST - PNEC | ||
| 005 | 20170116180957.0 | ||
| 008 | 150912b xxu||||| |||| 00| 0 eng d | ||
| 020 | _a07Y857938 | ||
| 040 | _cLIBRARY | ||
| 082 | _a621.38173 MOR | ||
| 100 |
_99312 _aMiller, John Robert |
||
| 245 |
_aDesigning with TTL integrated circuits _c John Robert Miller and Robert Loyd Morris |
||
| 260 | _cc.1975 | ||
| 650 |
_99315 _aIntegrated circuits _xEE |
||
| 942 |
_2ddc _cBK |
||
| 999 |
_c66579 _d66579 |
||